| 000 | 00788nam a2200205 i 4500 | ||
|---|---|---|---|
| 001 | 182988 | ||
| 003 | ES-MaACL | ||
| 005 | 20230906221747.0 | ||
| 008 | 140109s1921 fr |||| | fre d | ||
| 100 | 1 |
_aSerge, Victor. _9105542 |
|
| 245 | 1 | 0 |
_aPendant la guerre civile _b: Pétrograd, mai-juin 1919 : impressions et réflexions / _cVictor Serge. |
| 260 |
_aParis : _bÉditions de la Bibliothèque du Travail, _c1921. |
||
| 300 |
_a39 p. ; _c19 cm. |
||
| 490 | 1 |
_aLes Cahiers du travail ; _v1re série, 6e cahier, 15 mai 1921 |
|
| 651 | 4 |
_aSan Petersburgo- _xHistoria. _9161554 |
|
| 651 | 4 |
_aRusia- _xHistoria- _y1917-1921, Revolución. _99336 |
|
| 830 | 0 |
_aLes Cahiers du travail ; _v1re série, 6e cahier, 15 mai 1921 _9191855 |
|
| 852 |
_aES-MaACL _j1625-F-13 |
||
| 999 |
_c182988 _d182988 |
||